000
00310nam a2200145Ia 4500
100
_a
Ridington/R/W/ Tucker/Scott
942
_c
RB
654
_a
Lotus
245
_a
Inside Lotus 1-2-3 Macros
260
_b
Brady
_a
New York
_c
1988
082
_a
1.642
_b
RID
300
_a
536
546
_a
ENGLISH
999
_c
26117
_d
26117